[Event "Vbg98-ch"]
[Site "Hohenems"]
[Date "1998.05.01"]
[Round "7"]
[White "Spiegel, W."]
[Black "Paunovic, D."]
[Result "0-1"]
[WhiteElo "2175"]
[BlackElo "2475"]
[PlyCount "70"]
[EventDate "1998.04.25"]

1. d4 Nf6 2. c4 g6 3. g3 Bg7 4. Bg2 O-O 5. Nc3 d6 6. Nf3 c6 7. O-O Qa5 8. h3 e5
9. dxe5 dxe5 10. Qc2 Nbd7 11. e4 Re8 12. Be3 Nc5 13. a3 Ne6 14. b4 Qc7 15. Rfd1
Nh5 16. Rac1 Qe7 17. c5 Rf8 18. Qd2 Rd8 19. Qc2 Rf8 20. Qd2 f5 21. exf5 gxf5
22. Qd6 Qf6 23. Qd2 f4 24. gxf4 Nhxf4 25. Ne4 Qg6 26. Ng3 Nxg2 27. Kxg2 Nf4+
28. Kh2 Nxh3 29. Ng1 Nf4 30. N1e2 Qh6+ 31. Kg1 Bg4 32. Re1 Nh3+ 33. Kf1 Rxf2+
34. Bxf2 Qxd2 35. Rcd1 Rf8 0-1

[Event "Vbg98-ch"]
[Site "Hohenems"]
[Date "1998.05.01"]
[Round "7"]
[White "Schmidlechner, A."]
[Black "Gaertner, G."]
[Result "0-1"]
[WhiteElo "2175"]
[BlackElo "2315"]
[PlyCount "134"]
[EventDate "1998.04.25"]

1. d4 Nf6 2. Nf3 e6 3. Bg5 h6 4. Bxf6 Qxf6 5. Nbd2 g6 6. c3 Bg7 7. g3 b6 8. Bg2
Bb7 9. a4 O-O 10. O-O a5 11. Re1 d6 12. Nc4 Qe7 13. e4 Nd7 14. e5 dxe5 15.
Ncxe5 Nxe5 16. Nxe5 Bxg2 17. Kxg2 Qd6 18. Qf3 Rad8 19. Nc4 Qd5 20. Qxd5 Rxd5
21. Re2 Rfd8 22. Rae1 Bf6 23. Ne3 R5d7 24. Ng4 Bg7 25. Ne5 Rd6 26. Nc4 Rd5 27.
Ne3 R5d7 28. Nc4 h5 29. h4 Bf6 30. Kf3 Ra8 31. Ne5 Rd5 32. Nc4 Ra6 33. Rd2 c6
34. Ra1 Bd8 35. Ne3 Rd7 36. Rad1 b5 37. d5 exd5 38. axb5 cxb5 39. Rxd5 Rxd5 40.
Rxd5 Bf6 41. Rxb5 a4 42. Nd5 Bg7 43. Rb8+ Kh7 44. Rb7 Kg8 45. c4 Bd4 46. Ne3
Kg7 47. Ke4 Rd6 48. Rb4 f5+ 49. Kf3 Ra6 50. Rb7+ Kh6 51. Nd5 a3 52. Ne7 Ra8 53.
bxa3 Bc5 54. Ke2 Re8 55. Kd3 Bxe7 56. Kd4 Rd8+ 57. Ke5 Bxa3 58. Rb3 Bd6+ 59.
Ke6 f4 60. gxf4 Bxf4 61. c5 Bh2 62. Rh3 Bc7 63. Rf3 Rd4 64. Rf7 Bh2 65. f3 Rxh4
66. c6 Rf4 67. c7 Rc4 0-1

[Event "Vbg98-ch"]
[Site "Hohenems"]
[Date "1998.05.02"]
[Round "8"]
[White "Bezler, R."]
[Black "Kostic, V."]
[Result "0-1"]
[WhiteElo "2245"]
[BlackElo "2420"]
[PlyCount "64"]
[EventDate "1998.04.25"]

1. d4 Nf6 2. Nf3 e6 3. e3 d5 4. Bd3 Nbd7 5. O-O c5 6. c4 dxc4 7. Bxc4 a6 8. a4
Qc7 9. Qe2 Bd6 10. Nc3 O-O 11. h3 b6 12. e4 cxd4 13. Nxd4 Bb7 14. Bg5 Qc5 15.
Be3 Qc7 16. Rac1 Qb8 17. f4 Bb4 18. Nxe6 fxe6 19. Bxe6+ Kh8 20. e5 Nxe5 21.
fxe5 Qxe5 22. Bf4 Qxe2 23. Nxe2 Rae8 24. Bc4 Ne4 25. Ng3 Rxf4 26. Rxf4 Nxg3 27.
Bf7 Ne2+ 28. Kf1 Re7 29. Bd5 Bxd5 30. Rc8+ Bg8 31. Rff8 Ng3+ 32. Kg1 Re1+ 0-1

[Event "Vbg98-ch"]
[Site "Hohenems"]
[Date "1998.05.02"]
[Round "8"]
[White "Gaertner, G."]
[Black "Grabher, H."]
[Result "1/2-1/2"]
[WhiteElo "2315"]
[BlackElo "2260"]
[PlyCount "22"]
[EventDate "1998.04.25"]

1. d4 Nf6 2. c4 e6 3. Nc3 Bb4 4. e3 c5 5. Bd3 cxd4 6. exd4 d5 7. Nf3 dxc4 8.
Bxc4 O-O 9. O-O b6 10. Bg5 Bxc3 11. bxc3 Bb7 1/2-1/2

[Event "Vbg98-ch"]
[Site "Hohenems"]
[Date "1998.05.02"]
[Round "8"]
[White "Paunovic, D."]
[Black "Schmidlechner, A."]
[Result "1-0"]
[WhiteElo "2475"]
[BlackElo "2175"]
[PlyCount "85"]
[EventDate "1998.04.25"]

1. d4 d5 2. c4 c6 3. Nf3 Nf6 4. e3 g6 5. Nc3 Bg7 6. cxd5 cxd5 7. Bb5+ Bd7 8.
Qb3 Bxb5 9. Qxb5+ Qd7 10. Ne5 Qxb5 11. Nxb5 Na6 12. Bd2 Nd7 13. Nd3 Nb6 14. b3
Kd7 15. a4 Nc8 16. Ke2 Nd6 17. Rhc1 b6 18. Nxd6 Kxd6 19. b4 Rhc8 20. b5 Nc7 21.
Rc6+ Kd7 22. Rac1 e6 23. Bb4 Ne8 24. Ne5+ Bxe5 25. dxe5 Rc7 26. e4 Rac8 27.
exd5 exd5 28. Rxc7+ Rxc7 29. Rxc7+ Nxc7 30. Ke3 Ne8 31. Kd4 Ke6 32. g4 h5 33.
h3 hxg4 34. hxg4 f6 35. f4 fxe5+ 36. fxe5 Nc7 37. Bd6 Ne8 38. Bb8 Kd7 39. Kxd5
Ng7 40. Bxa7 Kc7 41. e6 Ne8 42. g5 Kb7 43. e7 1-0

[Event "Vbg98-ch"]
[Site "Hohenems"]
[Date "1998.05.02"]
[Round "8"]
[White "Velickovic, S."]
[Black "Spiegel, W."]
[Result "1-0"]
[WhiteElo "2395"]
[BlackElo "2175"]
[PlyCount "71"]
[EventDate "1998.04.25"]

1. e4 e6 2. Qe2 c5 3. Nf3 Nc6 4. g3 Be7 5. Bg2 d5 6. d3 Nf6 7. O-O O-O 8. Re1
dxe4 9. dxe4 e5 10. c3 h6 11. Nbd2 Be6 12. Nc4 Qc7 13. Nh4 Bxc4 14. Qxc4 a6 15.
Nf5 b5 16. Qe2 Rfd8 17. Ne3 Bd6 18. Bd2 Ne7 19. Rad1 c4 20. b3 Rac8 21. bxc4
bxc4 22. Bh3 Nd7 23. Bc1 Qc5 24. Nxc4 Qxc4 25. Qxc4 Rxc4 26. Rxd6 f5 27. Red1
Rc7 28. Be3 Nc8 29. R6d2 Kf7 30. Bxf5 Ke7 31. a4 g6 32. Bh3 g5 33. a5 Rb7 34.
Bf1 Rc7 35. Bxa6 Nc5 36. Bxc5+ 1-0

[Event "Vbg98-ch"]
[Site "Hohenems"]
[Date "1998.05.02"]
[Round "8"]
[White "Videki, S."]
[Black "Gasser, K."]
[Result "1-0"]
[WhiteElo "2430"]
[BlackElo "2115"]
[PlyCount "45"]
[EventDate "1998.04.25"]

1. e4 e6 2. d4 d5 3. Nc3 dxe4 4. Nxe4 Nd7 5. Nf3 Ngf6 6. Bg5 Be7 7. Nxf6+ Bxf6
8. h4 h6 9. Bxf6 Qxf6 10. Bc4 O-O 11. Qe2 c5 12. O-O-O cxd4 13. Rxd4 a6 14. g4
Qe7 15. g5 h5 16. g6 fxg6 17. Rhd1 Nc5 18. Ne5 Qf6 19. f4 Re8 20. Rg1 b5 21.
Rxg6 Qxh4 22. Rxg7+ Kxg7 23. Qg2+ 1-0

[Event "Vbg98-ch"]
[Site "Hohenems"]
[Date "1998.05.03"]
[Round "9"]
[White "Gasser, K."]
[Black "Bezler, R."]
[Result "0-1"]
[WhiteElo "2115"]
[BlackElo "2245"]
[PlyCount "58"]
[EventDate "1998.04.25"]

1. Nf3 Nf6 2. g3 g6 3. Bg2 Bg7 4. O-O O-O 5. c4 d6 6. Nc3 e5 7. d3 Nc6 8. Rb1
a5 9. a3 Re8 10. Bg5 h6 11. Bxf6 Bxf6 12. b4 axb4 13. axb4 Bg7 14. Qb3 Nd4 15.
Qd1 c6 16. e3 Ra3 17. Ne2 Rxd3 18. Qxd3 e4 19. Qd1 Nxf3+ 20. Bxf3 exf3 21. Nd4
Bg4 22. Re1 Qg5 23. Nxf3 Qh5 24. Kg2 Bc3 25. Rh1 Qh3+ 26. Kg1 Re6 27. Qf1 Qxf1+
28. Kxf1 Bxf3 29. Rg1 Re4 0-1

[Event "Vbg98-ch"]
[Site "Hohenems"]
[Date "1998.05.03"]
[Round "9"]
[White "Spiegel, W."]
[Black "Videki, S."]
[Result "1/2-1/2"]
[WhiteElo "2175"]
[BlackElo "2430"]
[PlyCount "42"]
[EventDate "1998.04.25"]

1. d4 Nf6 2. c4 g6 3. g3 Bg7 4. Bg2 O-O 5. Nf3 d6 6. O-O Nc6 7. Nc3 Rb8 8. b3
a6 9. Bb2 b5 10. cxb5 axb5 11. Rc1 b4 12. Nb1 Na5 13. Qc2 c6 14. e4 Re8 15.
Nbd2 Nd7 16. Rfd1 Ba6 17. Nc4 Bxc4 18. bxc4 c5 19. d5 Bxb2 20. Qxb2 Nb6 21. Bf1
Nd7 1/2-1/2

[Event "Vbg98-ch"]
[Site "Hohenems"]
[Date "1998.05.03"]
[Round "9"]
[White "Schmidlechner, A."]
[Black "Velickovic, S."]
[Result "1/2-1/2"]
[WhiteElo "2175"]
[BlackElo "2395"]
[PlyCount "85"]
[EventDate "1998.04.25"]

1. d4 c5 2. d5 Nf6 3. Nf3 g6 4. Nc3 Bg7 5. e4 d6 6. Bb5+ Nfd7 7. O-O a6 8. Be2
b5 9. a4 b4 10. Nb1 O-O 11. Nbd2 Nf6 12. Bd3 e6 13. dxe6 Bxe6 14. Rb1 Nc6 15.
b3 Re8 16. Bb2 Ra7 17. Re1 Bc8 18. e5 dxe5 19. Nxe5 Rae7 20. Ndf3 Qc7 21. Nxc6
Rxe1+ 22. Nxe1 Qxc6 23. Nf3 Bb7 24. Qf1 Nd5 25. Bxg7 Kxg7 26. Re1 Rxe1 27. Qxe1
Nf4 28. Qe3 Qf6 29. Ne1 Ne6 30. Be4 Bxe4 31. Qxe4 h5 32. g3 Nd4 33. Kg2 g5 34.
Nf3 Ne6 35. h3 Qc3 36. h4 Qf6 37. hxg5 Nxg5 38. Nxg5 Qxg5 39. Qd3 a5 40. Qe4
Kf6 41. Qc6+ Kg7 42. Qe4 Kf6 43. Qc6+ 1/2-1/2

[Event "Vbg98-ch"]
[Site "Hohenems"]
[Date "1998.05.03"]
[Round "9"]
[White "Kostic, V."]
[Black "Gaertner, G."]
[Result "1/2-1/2"]
[WhiteElo "2420"]
[BlackElo "2315"]
[PlyCount "28"]
[EventDate "1998.04.25"]

1. e4 e5 2. Nf3 Nf6 3. Nxe5 d6 4. Nf3 Nxe4 5. d4 d5 6. Bd3 Bd6 7. O-O O-O 8. c4
c6 9. Nc3 Nxc3 10. bxc3 Bg4 11. Rb1 Nd7 12. h3 Bh5 13. cxd5 cxd5 14. Rb5 Nb6
1/2-1/2